000 00344nam a2200145Ia 4500
008 191201s2005 xx 000 0 und d
082 _a530
_bSRA
100 _aSRINATH, L S
245 0 _aAdvanced Mechanics of Solids
250 _a2nd
260 _aN.Delhi
_bTata mc Graw Hill
_c2005
300 _a459
650 _aB.Tech(ME)
942 _2ddc
_cBK
999 _c840
_d840